000 00538nam a2200181Ia 4500
005 20260120124634.0
008 008 260114s9999 xx 000 0 eng d
020 _a9780762310449
037 _aEBOOK
040 _aCRL
_beng
_cCRL
041 _aeng
_2eng
084 _qCRL
245 0 _aReviving Traditions in Research on International Market Entry
260 _bEmerald Publishing
_c2003
856 _uhttps://www.emerald.com/insight/publication/doi/10.1016/S1474-7979(2003)14
942 _cEBOOK
999 _c1500591
_d1500591